Politics in India: Structure, process and policy (Record no. 33791)

MARC details
000 -LEADER
fixed length control field 00495nam a2200181Ia 4500
008 - FIXED-LENGTH DATA ELEMENTS--GENERAL INFORMATION
fixed length control field 230917s9999||||xx |||||||||||||| ||und||
020 ## - ISBN
Price RS695
040 ## - CATALOGING SOURCE
-- 256412
Original cataloging agency VIVEKANANDA LIBRARY
041 ## - Language
-- English
082 ## - DDC NUMBER
Classification number 320.954 M697P(2)
100 ## - MAIN ENTRY--PERSONAL NAME
Personal name Mitra, Subrata K
245 #0 - TITLE STATEMENT
Title Politics in India: Structure, process and policy
250 ## - EDITION STATEMENT
Edition statement 2nd ed.
260 ## - PUBLICATION, DISTRIBUTION, ETC. (IMPRINT)
Place of publication, distribution, etc New York
Name of publisher, distributor, etc Roudledge
Date of publication, distribution, etc 2017
300 ## - PHYSICAL DESCRIPTION
Pages xxiv, 331 p.
500 ## - GENERAL NOTE
General note 3810 11/12/2019 RBP19/76204 31/07/2019 Main Budget
942 ## - ADDED ENTRY ELEMENTS (KOHA)
Koha item type Books
Holdings
Withdrawn status Lost status Damaged status Not for loan Location (home branch) Sublocation or collection (holding branch) Date acquired Koha issues (times borrowed) Koha full call number Accession No. Koha date last seen Koha item type
        VIVEKANANDA LIBRARY VIVEKANANDA LIBRARY 12/09/2019   320.954 M697P(2) 384269 17/09/2023 Books
        VIVEKANANDA LIBRARY VIVEKANANDA LIBRARY 12/09/2019   320.954 M697P(2) 384270 17/09/2023 Books
        VIVEKANANDA LIBRARY VIVEKANANDA LIBRARY 12/09/2019   320.954 M697P(2) 384271 17/09/2023 Books
        VIVEKANANDA LIBRARY VIVEKANANDA LIBRARY 12/09/2019   320.954 M697P(2) 384272 17/09/2023 Books
        VIVEKANANDA LIBRARY VIVEKANANDA LIBRARY 12/09/2019 2 320.954 M697P(2) 384273 21/02/2026 Books
© Designed and Maintained by Vivekananda Library, MDU Rohtak